LEADER 01395nam 2200373 n 450 001 996383791603316 005 20221108105328.0 035 $a(CKB)1000000000582202 035 $a(EEBO)2240936600 035 $a(UnM)99851869 035 $a(EXLCZ)991000000000582202 100 $a19920415d1636 uy | 101 0 $aeng 135 $aurbn||||a|bb| 200 12$aA paraphrase vpon the Psalmes of David$b[electronic resource] $eAnd vpon the hymnes dispersed throughout the Old and New Testaments. By G.S 210 $aLondon $cAt the Bell in St. Pauls Church-yard [i.e. the shop of Andrew Hebb]$dM.DC.XXXVI. [1636] 215 $a[16], 224, 227-258, 257-271, [1] p 300 $aBy George Sandys, whose name appears on [A]5r. 300 $aIn verse. 300 $aThe roman numeral date is made with turned C's; at foot of title: Cum privilegio RegiƦ Majestatis. 300 $aVariant: lacking the period after "David" on title page. 300 $aBookseller's name from STC. 300 $aThe first leaf is blank. 300 $aReproduction of the original in the British Library. 330 $aeebo-0018 700 $aSandys$b George$f1578-1644.$0709605 801 0$bCu-RivES 801 1$bCu-RivES 801 2$bCStRLIN 801 2$bWaOLN 906 $aBOOK 912 $a996383791603316 996 $aA paraphrase vpon the Psalmes of David$92409170 997 $aUNISA LEADER 05363nam 2200829Ia 450 001 9910966803003321 005 20260314110041.0 010 $a0-520-94039-3 010 $a1-59734-590-3 024 7 $a10.1525/9780520940390 035 $a(CKB)1000000000030726 035 $a(EBL)227292 035 $a(OCoLC)475933518 035 $a(SSID)ssj0000145622 035 $a(PQKBManifestationID)11158342 035 $a(PQKBTitleCode)TC0000145622 035 $a(PQKBWorkID)10182208 035 $a(PQKB)10515083 035 $a(DE-B1597)519147 035 $a(DE-B1597)9780520940390 035 $a(Au-PeEL)EBL227292 035 $a(CaPaEBR)ebr10075624 035 $a(Perlego)551409 035 $a(iGPub)CSPLUS0077795 035 $a(ODN)ODN0011038595 035 $a(MiAaPQ)EBC227292 035 $a(EXLCZ)991000000000030726 100 $a20040701d2005 ub 0 101 0 $aeng 135 $aur||#|||||||| 181 $ctxt 182 $cc 183 $acr 200 10$aEmancipation betrayed $ethe hidden history of Black organizing and white violence in Florida from Reconstruction to the bloody election of 1920 /$fPaul Ortiz 205 $a1st ed. 210 $aBerkeley $cUniversity of California Press$dc2005 215 $a1 online resource (433 p.) 225 0 $aAmerican Crossroads ;$v16 300 $a"George Gund Foundation imprint in African American studies." 311 08$a0-520-25003-6 311 08$a0-520-23946-6 320 $aIncludes bibliographical references and index. 327 $tFront matter --$tContents --$tList of Illustrations --$tList of Tables --$tPreface: Election Day in Florida --$tAcknowledgments --$tPrologue: Slavery and Civil War --$t1. The Promise Of Reconstruction --$t2. The Struggle To Save Democracy --$t3. We Are In The Hands Of The Devil --$t4. To Gain These Fruits That Have Been Earned --$t5. To See That None Suffer --$t6. Looking For A Free State To Live In --$t7. Echoes Of Emancipation --$t8. With Babies In Their Arms --$t9. Election Day, 1920 --$tConclusion: Legacies Of The Florida Movement --$tNotes --$tSelected Bibliography --$tIndex 330 $aIn this penetrating examination of African American politics and culture, Paul Ortiz throws a powerful light on the struggle of black Floridians to create the first statewide civil rights movement against Jim Crow. Concentrating on the period between the end of slavery and the election of 1920, Emancipation Betrayed vividly demonstrates that the decades leading up to the historic voter registration drive of 1919-20 were marked by intense battles during which African Americans struck for higher wages, took up arms to prevent lynching, forged independent political alliances, boycotted segregated streetcars, and created a democratic historical memory of the Civil War and Reconstruction. Contrary to previous claims that African Americans made few strides toward building an effective civil rights movement during this period, Ortiz documents how black Floridians formed mutual aid organizations-secret societies, women's clubs, labor unions, and churches-to bolster dignity and survival in the harsh climate of Florida, which had the highest lynching rate of any state in the union. African Americans called on these institutions to build a statewide movement to regain the right to vote after World War I. African American women played a decisive role in the campaign as they mobilized in the months leading up to the passage of the Nineteenth Amendment. The 1920 contest culminated in the bloodiest Election Day in modern American history, when white supremacists and the Ku Klux Klan violently, and with state sanction, prevented African Americans from voting. Ortiz's eloquent interpretation of the many ways that black Floridians fought to expand the meaning of freedom beyond formal equality and his broader consideration of how people resist oppression and create new social movements illuminate a strategic era of United States history and reveal how the legacy of legal segregation continues to play itself out to this day. 606 $aAfrican Americans$zFlorida$xPolitics and government$y19th century 606 $aAfrican Americans$zFlorida$xPolitics and government$y20th century 606 $aAfrican Americans$xCivil rights$zFlorida$xHistory 606 $aAfrican Americans$zFlorida$xSocial conditions 606 $aRacism$zFlorida$xHistory$y19th century 606 $aRacism$zFlorida$xHistory$y20th century 606 $aViolence$zFlorida$xHistory$y19th century 606 $aViolence$zFlorida$xHistory$y20th century 607 $aFlorida$xRace relations 607 $aFlorida$xPolitics and government$y1865-1950 615 0$aAfrican Americans$xPolitics and government 615 0$aAfrican Americans$xPolitics and government 615 0$aAfrican Americans$xCivil rights$xHistory. 615 0$aAfrican Americans$xSocial conditions. 615 0$aRacism$xHistory 615 0$aRacism$xHistory 615 0$aViolence$xHistory 615 0$aViolence$xHistory 676 $a305.896/0730759/09034 686 $aHIS036000$aHIS054000$2bisacsh 700 $aOrtiz$b Paul$f1964-$01896274 801 0$bMiAaPQ 801 1$bMiAaPQ 801 2$bMiAaPQ 906 $aBOOK 912 $a9910966803003321 996 $aEmancipation betrayed$94550765 997 $aUNINA